Normal view
MARC view
- الخطيب،نسرين ، محمد،كفاح/اعداد
Entry Personal Name
001 - CONTROL NUMBER
- control field: 16908
003 - CONTROL NUMBER IDENTIFIER
- control field: JO-AjAnu
005 - DATE AND TIME OF LATEST TRANSACTION
- control field: 20230606073009.0
008 - FIXED-LENGTH DATA ELEMENTS
- fixed length control field: 230606|| aca||aabn | a|a d
040 ## - CATALOGING SOURCE
- Original cataloging agency: JO-AjAnu
- Transcribing agency: JO-AjAnu
100 ## - HEADING--PERSONAL NAME
- Personal name: الخطيب،نسرين ، محمد،كفاح/اعداد
670 ## - SOURCE DATA FOUND
- Source citation: Work cat.: (JO-AjAnu)8682: الخطيب،نسرين ، محمد،كفاح/اعداد, author, الأئمة الأربعة :أبو حنيفة النعمان-مالك بن أنس-الشافعي-أحمد بن حنبل